Movie Font Mix-Up Quiz Stats

 Plays Quiz Updated Jan 1, 2016

Also try: Fabulous Fonts
Challenge
Share
Tweet
Score 0/22 Timer 08:00
3 Plays Today
% Correct
Your answer Exceeds Expectations, it's indeed the 'Harry Potter' font
97.3%
Correct, it's from 'WALL·E'
94.9%
Clever humans, to answer so smart. It's from 'The Lord of the Rings'
89.8%
Correct, it's the 'Iron Man' font
73.4%
Correct, it's from Spielberg's other franchise, 'Indiana Jones'
72.3%
Correct, it's from 'The Chronicles of Narnia'
66.1%
Correct, the font belongs to 'Apocalypse Now'
62.8%
Correct, there's no cowboys, just 'Aliens'
62.7%
You seem to have a 'Sixth Sense' for font recognition
60.9%
The Force is strong with this one, it's from 'Star Wars'
56.3%
Correct, it's from 'Sin City'
51.2%
% Correct
It's the correct font for 'Little Miss Sunshine'
49%
'Slumdog Millionaire' is....I have to tell you....the right answer!
47.3%
Correct, it's the font from 'One Flew Over The Cuckoo's Nest'
44.8%
Correct, it's from 'Lawrence of Arabia'
41.8%
Correct, it's the font from 'There Will Be Blood'
40.3%
Correct, it's from 'The Shawshank Redemption'
38.7%
You know what they call Sporcle in France? Le Sporcle. It's from 'Pulp Fiction'
38%
Correct, it's the font from 'Spirited Away'
36.1%
Correct, it's from another Bond movie, 'Skyfall'
34.4%
Correct, it's the font from 'Blade Runner'
22.6%
Correct, it's from 'Transformers'
19.6%

You're not logged in!

Compare scores with friends on all Sporcle quizzes.
Join for Free
OR
Log In

You Might Also Like...

Show Comments

Extras

Top Quizzes Today


Score Distribution

Your Account Isn't Verified!

In order to create a playlist on Sporcle, you need to verify the email address you used during registration. Go to your Sporcle Settings to finish the process.

Report this User

Report this user for behavior that violates our Community Guidelines.

Details: